[Event "I Abierto Int de Ajedrez Hotel CEMAR"]
[Site "Mondariz  Balneario "]
[Date "2014.08.18"]
[Round "3.4"]
[White "De Prado Rodriguez, Oscar Brun"]
[Black "Picazo Gonzalez, Ana"]
[Result "1-0"]
[WhiteElo "2255"]
[BlackElo "1795"]
[PlyCount "137"]
[EventDate "2014.08.16"]

1. d4 e6 2. Nf3 d5 3. e3 Nf6 4. Bd3 b6 5. Nbd2 Bb7 6. O-O Bd6 7. Re1 Ne4 8. c4
Nd7 9. Qc2 f5 10. b3 O-O 11. a4 a5 12. Ba3 c5 13. g3 Qe7 14. Rac1 Rac8 15. Bb2
Rfd8 16. Red1 Qf7 17. Ne5 Bxe5 18. dxe5 Ng5 19. h4 dxc4 20. Qxc4 Bd5 21. Qb5
Bc6 22. Qa6 Nb8 23. Qc4 Rxd3 24. Qxd3 Qh5 25. Kf1 Nf3 26. Nxf3 Qxf3 27. e4 Qg4
28. exf5 Be4 29. Qe3 Qh3+ 30. Ke1 Bxf5 31. Rd6 Nc6 32. Bc3 Ne7 33. Qg5 Qh1+ 34.
Kd2 Qg2 35. Bd4 Re8 36. Be3 h6 37. Qh5 Bg6 38. Qg4 Bf5 39. Qe2 Qe4 40. Qb5 Rb8
41. Qc4 Qxe5 42. Bf4 Qb2+ 43. Ke1 Rf8 44. Rxe6 Bxe6 45. Qxe6+ Rf7 46. Rd1 Qc3+
47. Kf1 Qf6 48. Qe4 Qf5 49. Rd8+ Kh7 50. Qa8 Ng6 51. Be3 Qb1+ 52. Kg2 Qxb3 53.
h5 Nf8 54. Rxf8 Rxf8 55. Qxf8 Qd5+ 56. Qf3 Qd7 57. Qe4+ Kg8 58. Bf4 Qf7 59. g4
Qd7 60. Kg3 Qf7 61. Be5 Qb3+ 62. f3 Qe6 63. Qf4 Qe8 64. Qe4 Qe6 65. Bc3 Qd6+
66. Qe5 Qd7 67. Qb8+ Kh7 68. Qxb6 Qd1 69. Qg6+ 1-0

[Event "I Abierto Int de Ajedrez Hotel CEMAR"]
[Site "Mondariz  Balneario "]
[Date "2014.08.18"]
[Round "3.5"]
[White "Represa Perez, Mireya"]
[Black "Lorenzo Duran, Marcos"]
[Result "0-1"]
[WhiteElo "1771"]
[BlackElo "2167"]
[PlyCount "118"]
[EventDate "2014.08.16"]

1. e4 c6 2. d4 d5 3. e5 c5 4. dxc5 e6 5. Be3 Nh6 6. c3 Nf5 7. Bd4 Bd7 8. Nf3
Nc6 9. Bd3 Nfxd4 10. cxd4 b6 11. Nbd2 bxc5 12. dxc5 Bxc5 13. O-O Nb4 14. Be2 a5
15. Nb3 Ba7 16. Nbd4 O-O 17. Qd2 Rc8 18. Rfd1 f6 19. exf6 Qxf6 20. a3 Bxd4 21.
Qxd4 Qxd4 22. Nxd4 Nc2 23. Ba6 Nxa1 24. Bxc8 Rxc8 25. Rxa1 Kf7 26. f4 Ke7 27.
g3 Kd6 28. Kf2 Rb8 29. b3 Rc8 30. Ke3 a4 31. b4 Rc3+ 32. Kd2 Rc4 33. Kd3 Be8
34. g4 g5 35. Re1 Bf7 36. Rf1 gxf4 37. Rxf4 Rxd4+ 38. Rxd4 e5 39. h4 exd4 40.
Kxd4 Be8 41. g5 Bf7 42. b5 Be8 43. b6 Bf7 44. b7 Kc7 45. h5 Bxh5 46. Kxd5 Kxb7
47. Kc5 Bd1 48. Kb5 Kc7 49. Kc5 Bb3 50. Kd4 Kd6 51. Ke4 Bc2+ 52. Kf4 Kd5 53.
Kf3 Kc4 54. Ke3 Kb3 55. Kd2 Bg6 56. Kc1 Kxa3 57. Kd2 Kb3 58. Kc1 a3 59. Kd2 a2
0-1

[Event "I Abierto Int de Ajedrez Hotel CEMAR"]
[Site "Mondariz  Balneario "]
[Date "2014.08.18"]
[Round "3.6"]
[White "Lopez De Turiso, Jose Angel"]
[Black "Gonzalez Eiris, Daniel"]
[Result "1-0"]
[WhiteElo "2147"]
[BlackElo "1666"]
[PlyCount "85"]
[EventDate "2014.08.16"]

1. d4 e6 2. c4 f5 3. Nc3 Nf6 4. Nf3 b6 5. Bg5 Bb4 6. e3 Bb7 7. Bd3 O-O 8. O-O
Qe8 9. Nb5 Bd6 10. Nxd6 cxd6 11. Bf4 Qe7 12. Bg5 Qe8 13. Bxf6 Rxf6 14. Nd2 Qg6
15. f3 Qg5 16. Qe2 Nc6 17. a3 Rg6 18. b4 Rh6 19. Rfb1 Qh4 20. Nf1 f4 21. b5 Ne7
22. a4 Qg5 23. exf4 Qxf4 24. Qe3 Rh4 25. Qxf4 Rxf4 26. Rd1 Nf5 27. Bxf5 Rxf5
28. a5 Raf8 29. a6 Bc8 30. d5 Rf4 31. Rac1 e5 32. Ng3 R4f6 33. Ne4 Rg6 34. Kf2
h5 35. h4 Kf7 36. Rh1 Ke7 37. Rh3 Bxa6 38. bxa6 Rg8 39. Rg3 Rh6 40. Nc3 Rh7 41.
Nb5 Ra8 42. Re1 Rf8 43. Re4 1-0

[Event "I Abierto Int de Ajedrez Hotel CEMAR"]
[Site "Mondariz  Balneario "]
[Date "2014.08.18"]
[Round "3.7"]
[White "Silva, Mariana Sofia T"]
[Black "Silva, Antonio Araujo Da"]
[Result "1/2-1/2"]
[WhiteElo "1639"]
[BlackElo "1965"]
[PlyCount "32"]
[EventDate "2014.08.16"]

1. e4 e6 2. d4 d5 3. Nd2 Nf6 4. e5 Nfd7 5. Bd3 c5 6. c3 Nc6 7. Ngf3 Qb6 8. O-O
cxd4 9. cxd4 Nxd4 10. Nxd4 Qxd4 11. Nf3 Qb6 12. Qa4 Qb4 13. Qc2 Qc5 14. Qa4 Qb4
15. Qc2 Qc5 16. Qa4 Qb4 1/2-1/2

[Event "I Abierto Int de Ajedrez Hotel CEMAR"]
[Site "Mondariz  Balneario "]
[Date "2014.08.18"]
[Round "3.8"]
[White "Sanz Bastos, Fernando"]
[Black "Dominguez Certal, Dario"]
[Result "1-0"]
[WhiteElo "1951"]
[BlackElo "1501"]
[PlyCount "43"]
[EventDate "2014.08.16"]

1. e4 c5 2. Nc3 Nc6 3. g3 d6 4. Bg2 Nf6 5. d3 e6 6. f4 Qc7 7. Nf3 Be7 8. O-O
O-O 9. h3 Bd7 10. g4 Nd4 11. Be3 Nxf3+ 12. Qxf3 Bc6 13. g5 Nd7 14. Qg3 Nb6 15.
f5 exf5 16. exf5 Bxg2 17. Qxg2 Kh8 18. Rae1 f6 19. g6 Rad8 20. Bf4 Rd7 21. Qe2
Qc6 22. Qh5 1-0

[Event "I Abierto Int de Ajedrez Hotel CEMAR"]
[Site "Mondariz  Balneario "]
[Date "2014.08.18"]
[Round "3.9"]
[White "Boo Vallejo, Marcos"]
[Black "Rodriguez Dominguez, Miguel I"]
[Result "0-1"]
[WhiteElo "1611"]
[BlackElo "1951"]
[PlyCount "58"]
[EventDate "2014.08.16"]

1. e4 c5 2. Nf3 e6 3. d4 cxd4 4. Nxd4 Nf6 5. Nc3 Nc6 6. Ndb5 Bb4 7. Bf4 Nxe4 8.
Qf3 d5 9. O-O-O Bxc3 10. Nc7+ Kf8 11. bxc3 e5 12. Nxd5 Ng5 13. Bxg5 Qxg5+ 14.
Kb2 Qg4 15. Be2 Qxf3 16. Bxf3 Bf5 17. Rhe1 f6 18. Ne3 Bg6 19. Rd7 e4 20. Bg4
Rb8 21. Bf5 Ne7 22. Red1 Bxf5 23. Nxf5 Nxf5 24. Rd8+ Kf7 25. R8d7+ Ne7 26. R1d4
f5 27. Rb4 Rhd8 28. Rbxb7 Rxd7 29. Rxb8 Rd2 0-1

[Event "I Abierto Int de Ajedrez Hotel CEMAR"]
[Site "Mondariz  Balneario "]
[Date "2014.08.18"]
[Round "3.10"]
[White "Cervigni Sebastian, Alejandro"]
[Black "Garcia Sobrino, David"]
[Result "0-1"]
[WhiteElo "1454"]
[BlackElo "1852"]
[PlyCount "62"]
[EventDate "2014.08.16"]

1. e4 c5 2. Nc3 e6 3. f4 Nc6 4. Nf3 d5 5. e5 a6 6. a4 Nh6 7. d3 Nf5 8. Bd2 Be7
9. Be2 Rb8 10. O-O h5 11. Qe1 b5 12. axb5 axb5 13. Qf2 Qc7 14. Kh1 h4 15. Bd1
Ng3+ 16. Kg1 Nxf1 17. Qxf1 Qb6 18. Ne2 c4+ 19. d4 b4 20. c3 Bd7 21. Kh1 bxc3
22. bxc3 Na5 23. Qe1 Nb3 24. Ra2 Qb7 25. Neg1 Ra8 26. Rb2 Ra1 27. Qe2 Ba3 28.
Rc2 Ba4 29. Be3 Na5 30. Rd2 Bb3 31. Nh3 Bc1 0-1

[Event "I Abierto Int de Ajedrez Hotel CEMAR"]
[Site "Mondariz  Balneario "]
[Date "2014.08.18"]
[Round "3.11"]
[White "Garcia Bugallo, Jose Luis"]
[Black "Silva, Ana Ines Teixeira Da"]
[Result "1-0"]
[WhiteElo "1818"]
[BlackElo "1551"]
[PlyCount "101"]
[EventDate "2014.08.16"]

1. e4 Nf6 2. e5 Nd5 3. Nc3 Nb6 4. d4 d6 5. exd6 exd6 6. Bd3 Nc6 7. Nge2 Bg4 8.
Be3 Be7 9. f3 Bh4+ 10. Ng3 Qe7 11. Qe2 Bd7 12. O-O-O O-O-O 13. Nf5 Bxf5 14.
Bxf5+ Kb8 15. g3 Rhe8 16. Rhe1 g6 17. Bd3 Bf6 18. Qf2 Bg5 19. f4 Bf6 20. Bf1
Qd7 21. Qf3 Bxd4 22. Bxd4 Rxe1 23. Rxe1 Nxd4 24. Qe4 Qe6 25. Bg2 Qxe4 26. Rxe4
Ne6 27. f5 gxf5 28. Rh4 Rh8 29. Bh3 f4 30. gxf4 Rg8 31. b3 Rg7 32. Kb2 a6 33.
a4 Ka7 34. f5 Nf8 35. Re4 Nfd7 36. Re7 Kb8 37. a5 Ne5 38. axb6 cxb6 39. Ne4 Nc6
40. Re8+ Ka7 41. f6 Rg6 42. Bf5 Rh6 43. Nxd6 Rxf6 44. Nc8+ Ka8 45. Nxb6+ Ka7
46. Nc8+ Ka8 47. Ne7+ Ka7 48. Nxc6+ Rxc6 49. Re7 Rf6 50. Bxh7 Rh6 51. Rxf7 1-0

[Event "I Abierto Int de Ajedrez Hotel CEMAR"]
[Site "Mondariz  Balneario "]
[Date "2014.08.18"]
[Round "3.12"]
[White "Bello Filgueira, Joaquin Anton"]
[Black "Salgado Gonzalez, Julio"]
[Result "1-0"]
[WhiteElo "1776"]
[BlackElo "1838"]
[PlyCount "67"]
[EventDate "2014.08.16"]

1. e4 Nc6 2. d4 d5 3. exd5 Qxd5 4. Nf3 Bg4 5. Be2 O-O-O 6. Be3 Nf6 7. c4 Qh5 8.
Nc3 e5 9. d5 e4 10. Nd4 Ne5 11. Qa4 Bxe2 12. Ndxe2 Nd3+ 13. Kf1 a6 14. Ng3 Qe5
15. Qc2 Bc5 16. Bxc5 Nxc5 17. Re1 Rhe8 18. h3 Qf4 19. Re3 h5 20. Nge2 Qe5 21.
g3 g5 22. Kg2 Nd3 23. Rf1 h4 24. g4 Nf4+ 25. Kg1 Rd7 26. b4 Nd3 27. a3 b6 28.
Rd1 Nf4 29. Qa4 Nxe2+ 30. Nxe2 Kb7 31. Qc6+ Kb8 32. Nd4 Qd6 33. Qa4 Ka7 34.
Nb5+ 1-0

[Event "I Abierto Int de Ajedrez Hotel CEMAR"]
[Site "Mondariz  Balneario "]
[Date "2014.08.18"]
[Round "3.13"]
[White "Ferreiro Diaz, Miguel"]
[Black "Represa Garazo, Juan Manuel"]
[Result "1-0"]
[WhiteElo "1723"]
[BlackElo "1555"]
[PlyCount "119"]
[EventDate "2014.08.16"]

1. e4 c5 2. Nc3 d6 3. f4 Nc6 4. Nf3 Bg4 5. Bc4 Nd4 6. Nxd4 Bd7 7. Nf3 g6 8. O-O
Bg7 9. d3 e6 10. Qe1 Ne7 11. Nd1 O-O 12. Ne3 Nc6 13. c3 Qc7 14. Qh4 Qd8 15. f5
Qxh4 16. Nxh4 Ne5 17. fxg6 fxg6 18. Nf3 Nxc4 19. Nxc4 d5 20. exd5 exd5 21. Ncd2
Rae8 22. Nb3 b6 23. Bg5 h6 24. Bh4 g5 25. Bg3 g4 26. Nh4 Rxf1+ 27. Rxf1 Re2 28.
Rb1 Bb5 29. d4 Bd3 30. Rd1 c4 31. Nc1 Rxb2 32. Nxd3 cxd3 33. Nf5 Rxa2 34. Ne7+
Kf7 35. Nxd5 d2 36. Bf4 Ra5 37. Nb4 Rb5 38. Bxd2 a5 39. Rf1+ Ke6 40. Nd3 a4 41.
Nf4+ Kd6 42. Ra1 Ra5 43. Bc1 b5 44. Ba3+ Kc6 45. Re1 Ra7 46. Re6+ Kb7 47. Re7+
Ka6 48. Rxa7+ Kxa7 49. Kf1 Ka6 50. Ke2 Ka5 51. Bb4+ Kb6 52. Kd3 Kc6 53. Ke4 Bf6
54. Nd3 h5 55. Ne5+ Kc7 56. Kf5 Bh4 57. g3 Bd8 58. Nf7 Kd7 59. Nxd8 Kxd8 60.
Ke6 1-0

[Event "I Abierto Int de Ajedrez Hotel CEMAR"]
[Site "Mondariz  Balneario "]
[Date "2014.08.19"]
[Round "4.1"]
[White "Manolache, Marius"]
[Black "Garcia Castro, Pablo"]
[Result "1-0"]
[WhiteElo "2490"]
[BlackElo "2382"]
[PlyCount "49"]
[EventDate "2014.08.16"]

1. d4 d6 2. Nf3 g6 3. e4 Bg7 4. c3 Nc6 5. h3 Nf6 6. d5 Nb8 7. Be3 c6 8. dxc6
Nxc6 9. Bd3 O-O 10. O-O b6 11. Nbd2 Bb7 12. Qe2 d5 13. Bf4 Qc8 14. Rfe1 Re8 15.
Rad1 Na5 16. e5 Nh5 17. Bh2 Bh6 18. Nd4 Bf4 19. g3 Bxd2 20. Qxd2 Nc4 21. Qh6
Ng7 22. Re2 f6 23. g4 a6 24. Rde1 fxe5 25. Bxc4 1-0

[Event "I Abierto Int de Ajedrez Hotel CEMAR"]
[Site "Mondariz  Balneario "]
[Date "2014.08.19"]
[Round "4.2"]
[White "Rodriguez Boado, Martin"]
[Black "De Prado Rodriguez, Oscar Brun"]
[Result "1/2-1/2"]
[WhiteElo "2163"]
[BlackElo "2255"]
[PlyCount "137"]
[EventDate "2014.08.16"]

1. e4 d5 2. Nc3 d4 3. Nce2 e5 4. Ng3 Be6 5. Nf3 f6 6. c3 c5 7. Bb5+ Nc6 8. Qe2
Nh6 9. O-O Be7 10. b4 O-O 11. bxc5 Bxc5 12. Rb1 Rb8 13. Bc4 Qd7 14. Bxe6+ Qxe6
15. c4 Nf7 16. d3 Nd6 17. a4 a6 18. Bd2 b5 19. axb5 axb5 20. cxb5 Rxb5 21. Rxb5
Nxb5 22. Rc1 Ba3 23. Rc4 Ne7 24. Qd1 Bd6 25. Qb3 Na3 26. Rb4 Qxb3 27. Rxb3 Rc8
28. Rb2 Rc2 29. Rxc2 Nxc2 30. Kf1 Bb4 31. Bc1 Bc3 32. Ne2 Ba5 33. Nd2 Nc6 34.
Nc4 Bc7 35. Bd2 N2b4 36. Nc1 Kf7 37. Ke2 Ke6 38. Nb3 Na6 39. Bc1 Bd8 40. Bb2
Be7 41. g3 g6 42. f4 Nc5 43. Nxc5+ Bxc5 44. Bc1 Be7 45. Bd2 Bb4 46. Bc1 Be7 47.
h3 h5 48. Nb6 Bd6 49. Nd5 Na5 50. Bd2 Nb3 51. Be1 f5 52. fxe5 Kxe5 53. g4 fxe4
54. dxe4 Kxe4 55. Nf6+ Ke5 56. Bg3+ Kxf6 57. Bxd6 hxg4 58. hxg4 Ke6 59. Bb4 Kd5
60. Kf3 Kc4 61. Be1 Nc5 62. Ba5 g5 63. Bd2 Ne6 64. Ke4 d3 65. Ke5 Nf4 66. Kf5
Nh3 67. Ke4 Nf4 68. Kf5 Nh3 69. Ke4 1/2-1/2

[Event "I Abierto Int de Ajedrez Hotel CEMAR"]
[Site "Mondariz  Balneario "]
[Date "2014.08.19"]
[Round "4.3"]
[White "Lorenzo Duran, Marcos"]
[Black "Sanz Bastos, Fernando"]
[Result "1-0"]
[WhiteElo "2167"]
[BlackElo "1951"]
[PlyCount "99"]
[EventDate "2014.08.16"]

1. d4 Nf6 2. Nf3 b6 3. g3 Bb7 4. Bg2 e6 5. O-O c5 6. c4 cxd4 7. Qxd4 Nc6 8. Qf4
Qb8 9. Qd2 Ne4 10. Qc2 Nb4 11. Qd1 a5 12. a3 Na6 13. Bf4 Qc8 14. Nbd2 Bc5 15.
Nb3 Be7 16. Rc1 O-O 17. Nbd4 d6 18. Nb5 e5 19. Be3 Qd8 20. Qc2 Rc8 21. Nxe5 f5
22. Rfd1 d5 23. Qb1 Bc5 24. Bxc5 Naxc5 25. cxd5 Qe8 26. Nc6 f4 27. g4 Nxf2 28.
Rf1 Nxg4 29. Rc3 Ne3 30. Nd6 Qh5 31. Ne7+ Kh8 32. Rxe3 fxe3 33. Nexc8 Rf2 34.
Rxf2 exf2+ 35. Kxf2 Ba6 36. Kg1 Qxe2 37. Qf1 Qe3+ 38. Qf2 Qc1+ 39. Bf1 Qg5+ 40.
Qg2 Qc1 41. h4 Nd3 42. Qg5 Qc5+ 43. Kh1 Nf2+ 44. Kh2 h6 45. Qd8+ Kh7 46. Bxa6
Qxd5 47. Ne7 Ng4+ 48. Kg3 Qe5+ 49. Kxg4 h5+ 50. Kf3 1-0

[Event "I Abierto Int de Ajedrez Hotel CEMAR"]
[Site "Mondariz  Balneario "]
[Date "2014.08.19"]
[Round "4.4"]
[White "Rodriguez Dominguez, Miguel I"]
[Black "Lopez De Turiso, Jose Angel"]
[Result "1/2-1/2"]
[WhiteElo "1951"]
[BlackElo "2147"]
[PlyCount "103"]
[EventDate "2014.08.16"]

1. d4 Nf6 2. Nf3 e6 3. e3 b6 4. Nbd2 Bb7 5. Bd3 c5 6. O-O Be7 7. b3 d6 8. Bb2
Nbd7 9. Qe2 O-O 10. Rad1 Qc7 11. c4 Rad8 12. e4 cxd4 13. Nxd4 Rfe8 14. Bb1 Nf8
15. Rfe1 d5 16. cxd5 exd5 17. e5 Bb4 18. f4 Bxd2 19. Qxd2 Ne4 20. Bxe4 dxe4 21.
Qe3 Qd7 22. Rd2 Ne6 23. Red1 Nxd4 24. Rxd4 Qc7 25. Qd2 Qc5 26. b4 Rxd4 27. Qxd4
Qxd4+ 28. Rxd4 Bc6 29. Kf2 Rc8 30. Ke3 Kf8 31. Rc4 Ke7 32. g3 Kd7 33. Bd4 Bb7
34. e6+ Kxe6 35. Rxc8 Bxc8 36. Bxg7 f5 37. Kd4 Ba6 38. Be5 Bf1 39. Bb8 a6 40.
Bc7 b5 41. Be5 Bc4 42. a3 Bb3 43. Bb8 h5 44. Be5 Bd1 45. h4 Bb3 46. Bb8 Bd1 47.
Ba7 Bb3 48. Kc3 Bd1 49. Kd4 Bb3 50. Bb8 Bd1 51. Be5 Bb3 52. Bb8 1/2-1/2

[Event "I Abierto Int de Ajedrez Hotel CEMAR"]
[Site "Mondariz  Balneario "]
[Date "2014.08.19"]
[Round "4.5"]
[White "Ruiz Ledo, Antonio"]
[Black "Silva, Armando Sousa"]
[Result "1/2-1/2"]
[WhiteElo "2065"]
[BlackElo "1941"]
[PlyCount "138"]
[EventDate "2014.08.16"]

1. Nf3 d6 2. e4 c5 3. c3 Nf6 4. Be2 e6 5. O-O Be7 6. Re1 O-O 7. Bf1 Nc6 8. d4
e5 9. Na3 Bg4 10. d5 Nb8 11. h3 Bc8 12. b4 Nbd7 13. Nc4 Ne8 14. Bd3 Nb6 15. Na5
cxb4 16. cxb4 Kh8 17. g4 Qd7 18. Kh2 Nf6 19. Ng1 Bd8 20. a4 Ng8 21. Be3 a6 22.
f3 Ne7 23. Ne2 Ng6 24. Bc2 Qe7 25. Rf1 Rb8 26. Qe1 Qc7 27. Bb3 Qd7 28. Qf2 Na8
29. Rac1 b5 30. Nc6 Rb7 31. a5 Bh4 32. Qg1 Nc7 33. Rc3 Ne8 34. Rfc1 Nf6 35.
R1c2 h5 36. Bf2 hxg4 37. hxg4 Bg5 38. Be3 Bh4 39. Qg2 Kg8 40. Kg1 Nh7 41. Ng3
Bg5 42. Nh5 Bxe3+ 43. Rxe3 Ng5 44. Rc1 Nh4 45. Qg3 Nhxf3+ 46. Rxf3 Nxf3+ 47.
Qxf3 Qxg4+ 48. Qxg4 Bxg4 49. Ng3 g6 50. Bd1 Bc8 51. Rc2 Kg7 52. Rg2 Rh8 53.
Nf5+ Bxf5 54. exf5 Rh6 55. fxg6 Rxg6 56. Bg4 Rc7 57. Kf2 f5 58. Bxf5 Rxg2+ 59.
Kxg2 Kf6 60. Be4 Kg5 61. Kf3 Rf7+ 62. Ke3 Rc7 63. Bd3 Rg7 64. Bf1 Kg4 65. Be2+
Kf5 66. Bd3+ Kg4 67. Ke4 Kg5 68. Nd8 Rg8 69. Nf7+ Kf6 {El resto de las jugadas
es ilegible.} 1/2-1/2

[Event "I Abierto Int de Ajedrez Hotel CEMAR"]
[Site "Mondariz  Balneario "]
[Date "2014.08.19"]
[Round "4.6"]
[White "Garcia Sobrino, David"]
[Black "Gomez Dieguez, Adrian"]
[Result "0-1"]
[WhiteElo "1852"]
[BlackElo "1970"]
[PlyCount "82"]
[EventDate "2014.08.16"]

1. e4 Nc6 2. Nf3 e5 3. Bb5 Nge7 4. c3 g6 5. d4 Bg7 6. O-O O-O 7. Bg5 exd4 8.
cxd4 d6 9. h3 h6 10. Bf4 d5 11. e5 a6 12. Ba4 Bf5 13. Qd2 Kh7 14. Na3 Be4 15.
Nh2 Qc8 16. Rfe1 Nd8 17. Rac1 c6 18. Nc4 dxc4 19. Rxe4 Nd5 20. Ng4 h5 21. Nf6+
Nxf6 22. exf6 Bxf6 23. Bd6 Rg8 24. Qf4 Kg7 25. Be7 Qf5 26. Qxf5 gxf5 27. Bxf6+
Kxf6 28. Re5 Ne6 29. Bd1 h4 30. Rxc4 Rad8 31. Ra5 Rxd4 32. Be2 Nf4 33. Bd3 Rxc4
34. Bxc4 Rxg2+ 35. Kf1 Rg8 36. Bxf7 Rd8 37. Bb3 Nxh3 38. Ra4 Kg5 39. Rb4 b5 40.
Kg2 Nf4+ 41. Kg1 c5 0-1

[Event "I Abierto Int de Ajedrez Hotel CEMAR"]
[Site "Mondariz  Balneario "]
[Date "2014.08.19"]
[Round "4.7"]
[White "Silva, Antonio Araujo Da"]
[Black "Bello Filgueira, Joaquin Anton"]
[Result "1-0"]
[WhiteElo "1965"]
[BlackElo "1776"]
[PlyCount "109"]
[EventDate "2014.08.16"]

1. e4 c5 2. Nc3 a6 3. g3 e6 4. Bg2 Nc6 5. d3 Nf6 6. f4 d6 7. Nf3 Qc7 8. O-O Be7
9. h3 O-O 10. g4 Nd4 11. Ne2 Nxf3+ 12. Bxf3 d5 13. e5 Nd7 14. c4 Nb6 15. Qc2
Bd7 16. b3 d4 17. Ng3 Bc6 18. Ne4 Nd7 19. Qg2 f5 20. exf6 Nxf6 21. Nxf6+ Rxf6
22. Bxc6 Qxc6 23. Qxc6 bxc6 24. Bd2 Bd6 25. Rae1 Kf7 26. Re4 g6 27. Be1 h5 28.
Bh4 hxg4 29. hxg4 Rh8 30. Bxf6 Kxf6 31. Rfe1 Re8 32. Kg2 a5 33. Rh1 Kg7 34. f5
e5 35. fxg6 Kxg6 36. Rh5 Bc7 37. Re1 a4 38. Reh1 axb3 39. axb3 e4 40. Rxc5 Re6
41. dxe4 Bb6 42. Rch5 Rxe4 43. Rh6+ Kg5 44. R1h5+ Kxg4 45. Rh4+ Kg5 46. Rxe4
Kxh6 47. Re6+ Kg5 48. Rxc6 Ba7 49. Kf3 Kf5 50. Ke2 Ke4 51. Re6+ Kf5 52. Re8 Bb6
53. Kd3 Bc5 54. Re4 Bb6 55. Rxd4 1-0

[Event "I Abierto Int de Ajedrez Hotel CEMAR"]
[Site "Mondariz  Balneario "]
[Date "2014.08.19"]
[Round "4.8"]
[White "Garcia Bugallo, Jose Luis"]
[Black "Silva, Mariana Sofia T"]
[Result "1-0"]
[WhiteElo "1818"]
[BlackElo "1639"]
[PlyCount "117"]
[EventDate "2014.08.16"]

1. e4 e6 2. d4 d5 3. exd5 exd5 4. Bd3 Nf6 5. h3 Bd6 6. Qf3 O-O 7. Ne2 Nbd7 8.
O-O Re8 9. Bf4 Nf8 10. Nd2 Ng6 11. Bxg6 hxg6 12. Rfe1 Bf5 13. c3 Bf8 14. Ng3
Qd7 15. Be5 Be7 16. Re2 Be6 17. Rae1 Nh7 18. Ngf1 g5 19. Nh2 Nf8 20. Nb3 b6 21.
Nc1 Ng6 22. Nd3 Nh4 23. Qe3 Rac8 24. b4 Nf5 25. Qd2 Nd6 26. Bxd6 cxd6 27. f3
Qa4 28. Qb2 a6 29. Ng4 Qc6 30. Rc2 Bf5 31. Ngf2 Qc4 32. Re3 Kf8 33. Rc1 Bf6 34.
Rxe8+ Rxe8 35. Qd2 Rc8 36. Kh1 b5 37. g4 Bg6 38. Kg2 Bd8 39. f4 gxf4 40. Nxf4
Be4+ 41. Kg3 Bb6 42. Ne2 a5 43. h4 Qc7 44. Qf4 Qe7 45. Nxe4 dxe4 46. Qf5 Qe8
47. Qh7 g6 48. Rf1 Ke7 49. Qg7 Qf8 50. Qf6+ Ke8 51. Rf4 Bd8 52. Rxe4+ Kd7 53.
Qf3 Bc7 54. d5 Bb6 55. Qd3 Rc4 56. Rxc4 bxc4 57. Qxc4 Qc8 58. Qb5+ Kc7 59. Qc6+
1-0

[Event "I Abierto Int de Ajedrez Hotel CEMAR"]
[Site "Mondariz  Balneario "]
[Date "2014.08.19"]
[Round "4.9"]
[White "Picazo Gonzalez, Ana"]
[Black "Boo Vallejo, Marcos"]
[Result "1-0"]
[WhiteElo "1795"]
[BlackElo "1611"]
[PlyCount "135"]
[EventDate "2014.08.16"]

1. d4 Nf6 2. c4 g6 3. Nc3 d5 4. e3 Bg7 5. Nf3 O-O 6. Be2 b6 7. O-O Bb7 8. b3
Nbd7 9. Bb2 Rc8 10. Rc1 c5 11. Rc2 cxd4 12. Nxd4 dxc4 13. Bxc4 Ne5 14. Be2 a6
15. Qc1 b5 16. Rd1 Qb6 17. Bf1 Nc6 18. Nce2 Nb4 19. Rxc8 Rxc8 20. Qd2 Nbd5 21.
Ng3 Nc7 22. b4 Rd8 23. Qc2 Ncd5 24. a3 h5 25. h3 Rc8 26. Qb3 h4 27. Nge2 Nh5
28. Nc1 Ndf6 29. Qd3 Be4 30. Qd2 e5 31. Ndb3 Bc2 32. Qd6 Qxd6 33. Rxd6 Bxb3 34.
Nxb3 Ne4 35. Rxa6 Rc2 36. Ba1 Nxf2 37. Rd6 Ne4 38. Rd8+ Kh7 39. Bd3 Ra2 40.
Bxe4 Rxa3 41. Bd5 Bh6 42. Bxe5 Bxe3+ 43. Kf1 f6 44. Bd4 Ng3+ 45. Ke1 Bg5 46.
Rd7+ Kh6 47. Bg8 Kh5 48. Ra7 Rxa7 49. Bxa7 f5 50. Bd5 Ne4 51. Bxe4 fxe4 52. Nd2
e3 53. Ne4 Bf4 54. Ke2 g5 55. Bxe3 Be5 56. Nf2 Bc3 57. Bc5 Kg6 58. Ne4 Be5 59.
Nd6 Kh5 60. Kf3 Kg6 61. Nxb5 Kf5 62. Nd4+ Kf6 63. b5 Bf4 64. b6 Ke5 65. b7 Kd5
66. Ba7 g4+ 67. Kxf4 g3 68. b8=Q 1-0

[Event "I Abierto Int de Ajedrez Hotel CEMAR"]
[Site "Mondariz  Balneario "]
[Date "2014.08.19"]
[Round "4.10"]
[White "Silva, Ana Ines Teixeira Da"]
[Black "Represa Perez, Mireya"]
[Result "1/2-1/2"]
[WhiteElo "1551"]
[BlackElo "1771"]
[PlyCount "104"]
[EventDate "2014.08.16"]

1. e4 c5 2. Nc3 Nc6 3. g3 g6 4. Bg2 Bg7 5. d3 d6 6. f4 Nf6 7. Nf3 Bg4 8. h3
Bxf3 9. Bxf3 Nd7 10. O-O O-O 11. Be3 Rc8 12. Qd2 Nd4 13. Bg2 b5 14. Nd1 b4 15.
c3 bxc3 16. bxc3 Nb5 17. f5 Qa5 18. a4 Nb6 19. Ra2 Nxc3 20. Ra3 Qb4 21. Rxc3
Bxc3 22. Nxc3 Nxa4 23. Nxa4 Qxa4 24. f6 exf6 25. Qf2 Rfe8 26. Qxf6 Rc7 27. d4
Rd7 28. e5 Re6 29. Qf4 dxe5 30. dxe5 Qxf4 31. gxf4 f6 32. Bxc5 fxe5 33. fxe5
Rxe5 34. Bf2 Rf7 35. Bd4 Rxf1+ 36. Kxf1 Rf5+ 37. Ke2 Kf7 38. Bxa7 g5 39. Be3 h5
40. Bf3 h4 41. Bg4 Ra5 42. Kf3 Re5 43. Bd4 Re1 44. Be3 Kf6 45. Bd4+ Kg6 46. Bf2
Rd1 47. Be3 Kf6 48. Ke4 Rd8 49. Bd4+ Kg6 50. Bf5+ Kf7 51. Bg4 Kg6 52. Bf5+ Kf7
1/2-1/2

[Event "I Abierto Int de Ajedrez Hotel CEMAR"]
[Site "Mondariz  Balneario "]
[Date "2014.08.19"]
[Round "4.11"]
[White "Gomez Asenjo, Hector Luis"]
[Black "Ferreiro Diaz, Miguel"]
[Result "0-1"]
[WhiteElo "1509"]
[BlackElo "1723"]
[PlyCount "36"]
[EventDate "2014.08.16"]

1. c4 e5 2. Nc3 Nc6 3. g3 f5 4. Bg2 Nf6 5. d3 Bb4 6. Bd2 Bxc3 7. Bxc3 d6 8. e3
O-O 9. Ne2 Qe8 10. O-O Qh5 11. h3 f4 12. g4 Bxg4 13. hxg4 Nxg4 14. Re1 Qh2+ 15.
Kf1 Nxe3+ 16. fxe3 fxe3+ 17. Nf4 Rxf4+ 18. Bf3 Qf2# 0-1

[Event "I Abierto Int de Ajedrez Hotel CEMAR"]
[Site "Mondariz  Balneario "]
[Date "2014.08.19"]
[Round "4.12"]
[White "Gonzalez Eiris, Daniel"]
[Black "Cervigni Sebastian, Alejandro"]
[Result "1-0"]
[WhiteElo "1666"]
[BlackElo "1454"]
[PlyCount "69"]
[EventDate "2014.08.16"]

1. d4 d5 2. Bf4 f5 3. e3 Nf6 4. Nf3 e6 5. Bd3 Be7 6. h3 O-O 7. c4 c6 8. O-O Ne4
9. Nc3 Nd7 10. Rc1 Ndf6 11. Ne5 Bd7 12. f3 Nxc3 13. Rxc3 Qe8 14. c5 Qd8 15. b4
Be8 16. a4 Bg6 17. b5 Qc8 18. Qe2 a6 19. bxc6 bxc6 20. Rb3 Bd8 21. Nxg6 hxg6
22. Rfb1 a5 23. Bd6 Rf7 24. Rb8 Rxb8 25. Rxb8 Qd7 26. Ba6 Qe8 27. Bc8 Kh7 28.
Bxe6 Qxe6 29. Rxd8 Rb7 30. Rb8 Qd7 31. Qa6 Rxb8 32. Bxb8 Qe8 33. Bf4 Nh5 34.
Be5 Qd7 35. Qxa5 1-0

[Event "I Abierto Int de Ajedrez Hotel CEMAR"]
[Site "Mondariz  Balneario "]
[Date "2014.08.19"]
[Round "4.13"]
[White "Represa Garazo, Juan Manuel"]
[Black "Dominguez Certal, Dario"]
[Result "0-1"]
[WhiteElo "1555"]
[BlackElo "1501"]
[PlyCount "64"]
[EventDate "2014.08.16"]

1. e4 c5 2. Nc3 Nc6 3. g3 g6 4. Bg2 Bg7 5. f4 d6 6. Nf3 e6 7. O-O Nge7 8. d3
O-O 9. Be3 b6 10. h3 Bb7 11. Qe1 d5 12. Nd1 dxe4 13. dxe4 Nb4 14. Qe2 Qc7 15.
c3 Ba6 16. c4 Rad8 17. Nf2 Rd7 18. a3 Nbc6 19. e5 Nf5 20. Ng4 Nxg3 21. Qf2 Nxf1
22. Bxf1 Nd4 23. Nf6+ Bxf6 24. exf6 Nxf3+ 25. Qxf3 Qd8 26. Qg3 Qxf6 27. f5 exf5
28. Bg5 Qd4+ 29. Kh2 Qxb2+ 30. Kg1 Qxa1 31. Qh4 Qd4+ 32. Kh2 Qxh4 0-1

[Event "I Abierto Int de Ajedrez Hotel CEMAR"]
[Site "Mondariz  Balneario "]
[Date "2014.08.20"]
[Round "5.1"]
[White "Lorenzo Duran, Marcos"]
[Black "Manolache, Marius"]
[Result "0-1"]
[WhiteElo "2167"]
[BlackElo "2490"]
[PlyCount "120"]
[EventDate "2014.08.16"]

1. Nf3 Nf6 2. c4 g6 3. b4 Bg7 4. Bb2 c6 5. e3 O-O 6. d4 d5 7. Nbd2 a5 8. b5 a4
9. Rc1 dxc4 10. bxc6 b5 11. e4 Nxc6 12. d5 Nb4 13. a3 Na6 14. Be2 Nc5 15. Qc2
Bg4 16. O-O Rc8 17. Bc3 Nb3 18. Rcd1 Nh5 19. Bxg7 Kxg7 20. Qc3+ Kg8 21. Rfe1
Nf4 22. Bf1 Qa5 23. Qxa5 Nxa5 24. h3 Bxf3 25. Nxf3 Nb3 26. g3 Nh5 27. Nd4 Nxd4
28. Rxd4 Nf6 29. Rb1 Rc5 30. f4 Rd8 31. Kf2 e6 32. d6 e5 33. fxe5 Rxe5 34. Ke3
Rde8 35. Bg2 Nd7 36. Kd2 f5 37. Rd5 fxe4 38. Rbxb5 R5e6 39. Rd4 Nf6 40. Ke3 Rd8
41. Bf1 Rexd6 42. Bxc4+ Kg7 43. Rxd6 Rxd6 44. Ra5 Rd1 45. Rxa4 Rg1 46. Kf2 Rc1
47. Ra7+ Kh6 48. Be6 Rc2+ 49. Ke3 Rc3+ 50. Kf2 Nh5 51. Bg8 Nxg3 52. h4 Kh5 53.
Rxh7+ Kg4 54. Be6+ Kf4 55. Rf7+ Ke5 56. Bd7 Rxa3 57. Be8 Nf5 58. Rh7 e3+ 59.
Ke1 Nd4 60. Re7+ Kf6 0-1